000 00765nam a2200205 a 4500
005 20140412111252.0
008 010416s19uu xx 00 eng d
020 _a0-06-443501-6
050 _aTR(PS E
_bHo75 1997
100 _aMarzollo, Jean
245 _aHome sweet home /
_cJean Marzollo; illustrated by Ashley Wolff.
260 _aUSA :
_bHarperCollins Publishers,
_c1997.
300 _a1 v. (unp.) ; ill.
520 _aIllustrations and simple rhyming text ask blessing on everything on earth, from ant to tree, stream to whale, and also on moonbeans ans stars.
650 _aEarth-Religious aspects-Juvenile literature
650 _aChildren-Prayer-books and devotional-English
650 _aPrayers
650 _aReligious aspects
999 _c103182
_d103182